[Event "44th BAN-ch OMICON 2018"]
[Site "Dhaka"]
[Date "2018.12.03"]
[Round "10"]
[White "Rahman, Md. Taibur"]
[Black "Rahman, Ziaur"]
[Result "0-1"]
[WhiteElo "2239"]
[BlackElo "2468"]
[Annotator "TA"]
[PlyCount "65"]
[EventDate "2018.11.24"]
[EventType "swiss"]
[EventCountry "BAN"]
[SourceTitle "playchess.com"]
[Source "ChessBase"]
[SourceQuality "1"]

{[%evp 21,65,32,39,19,35,27,45,45,46,43,81,-11,-7,-7,43,17,21,25,31,0,0,0,0,14,25,0,0,0,0,-83,-83,-83,-75,-90,-72,-115,-126,-239,-237,-222,-237,-222,-134,-618,-624,-2153]} 1. d4 g6 2. c4 Bg7 3. Nf3 d6 4. Nc3 Nf6 5. e4 O-O 6. Be2 Bg4 7. O-O Nfd7 8. Be3 Nc6 9. Ne1 Bxe2 10. Nxe2 Na5 {E91: King's Indian: Classical: 6 Be2, unusual replies including 6...c5 and 6...Bg4} (10... e5 11. d5 Ne7 12. Nd3 f5 13. f3 Nf6 14. Nc3 Qd7 15. Nf2 Nh5 16. Qa4 Qxa4 17. Nxa4 Nf4 18. Rfe1 fxe4 19. fxe4 {1-0 (55) Khalifman,A (2613)-Kanep,M (2509) Tallinn 2015}) 11. Rc1 c5 {LiveBook: 7 Games} 12. Qd2 cxd4 {The position is equal.} 13. Bxd4 Ne5 $146 ({Predecessor:} 13... Nf6 14. f3 Rc8 15. b3 Nc6 16. Be3 e6 17. Rd1 Rc7 18. Nc3 {0-1 (42) Lehikoinen,P (2262)-Virtanen,A (2315) Finland 2002}) 14. b3 $1 Nac6 15. Bc3 a5 16. Nd3 (16. f4 $16) 16... a4 $11 17. Nxe5 Nxe5 18. Bd4 axb3 19. axb3 Qa5 20. Qe3 Ng4 $36 {[%mdl 2048] Black has good play.} 21. Qg3 Nf6 {[%cal Bg4f6,Bf6d7,Bd7c5][%mdl 32]} 22. Qd3 Qb4 23. Ra1 Nd7 24. Bxg7 Kxg7 25. f3 (25. Rab1 $11 {remains equal.}) 25... Rxa1 $17 26. Rxa1 Ra8 27. Rb1 Nc5 28. Qc2 {[#]} Ra3 $1 {[%cal Ra3b3]} 29. Nd4 (29. Qc3+ $17 {is a better defense.} Qxc3 30. Nxc3) 29... e5 $19 30. Nb5 Rxb3 31. Rd1 Rb2 32. Qc1 $2 {[%mdl 8192] [#]} (32. Qc3 $17) 32... Nd3 $1 {[%mdl 512]} 33. Qc3 {Accuracy: White = 24%, Black = 80%.} (33. Rxd3 Rb1) 0-1

[Event "44th BAN-ch OMICON 2018"]
[Site "Dhaka"]
[Date "2018.12.03"]
[Round "10"]
[White "Abu Sufian, Shakil"]
[Black "Reefat, Bin-Sattar"]
[Result "1/2-1/2"]
[WhiteElo "2230"]
[BlackElo "2437"]
[Annotator "TA"]
[PlyCount "61"]
[EventDate "2018.11.24"]
[EventType "swiss"]
[EventCountry "BAN"]
[SourceTitle "playchess.com"]
[Source "ChessBase"]
[SourceQuality "1"]

{[%evp 22,61,0,-10,18,-8,33,25,22,6,39,34,56,52,103,98,89,89,100,58,54,18,72,31,118,117,108,7,61,21,41,0,0,-21,-33,-23,27,-43,-33,-27,0,0]} 1. e4 {[%cal Be2e4,Be4e5][%mdl 32]} e6 2. d4 d5 3. Nc3 Nf6 4. e5 Nfd7 5. f4 c5 6. Nf3 Nc6 7. Be3 a6 8. Qd2 Be7 9. dxc5 Nxc5 {C11: French: Classical System: 4 e5 and 4 Bg5 dxe4} 10. O-O-O Qa5 11. Kb1 b5 12. Ne2 {[#] LiveBook: 8 Games. Hoping for Qxa5.} (12. h4 Bd7 13. g4 b4 14. Ne2 Ne4 15. Qe1 Rb8 16. Nc1 Nc3+ 17. bxc3 bxc3+ {1-0 (96) Najer,E (2679)-Korobov,A (2695) Poikovsky 2017}) 12... Qc7 13. Ned4 Na5 14. Qe1 Nc4 $146 ({Predecessor:} 14... O-O 15. Nb3 Naxb3 16. cxb3 Ne4 17. Rc1 {1-0 (60) Koutoukidis,P (2332)-Poetsch,H (2484) Heraklion 2018}) 15. Bc1 Bd7 16. Bd3 a5 17. f5 $36 {[%mdl 2048] White is more active.} b4 ({Better is} 17... a4 $14) 18. Qg3 g6 19. fxe6 fxe6 20. h4 {[%cal Bh2h4,Bh4h5][%mdl 32]} O-O-O 21. Rde1 Rdg8 (21... Qb6 $11 {remains equal.}) 22. Ng5 {And now Nf7 would win.} Rg7 {[#]} ({Black should play} 22... Rf8 $14) 23. Rhf1 $1 $16 Qb6 24. Ngf3 (24. Bxc4 $16 dxc4 25. Nf7) 24... h6 (24... Kb8 $11) 25. h5 (25. Bxc4 $5 dxc4 26. Nd2 $11) 25... g5 26. Qg4 (26. Bxc4 $5 dxc4 27. Nd2 $11) 26... Kb8 27. Nd2 Nxd2+ 28. Bxd2 Rc8 29. Be3 (29. Qe2 $11) 29... Nxd3 $15 30. cxd3 Qa6 31. Qe2 {Accuracy: White = 33%, Black = 27%.} 1/2-1/2

[Event "44th BAN-ch OMICON 2018"]
[Site "Dhaka"]
[Date "2018.12.03"]
[Round "10"]
[White "Mohammad, Javed"]
[Black "Jabed Al Azad"]
[Result "1/2-1/2"]
[WhiteElo "2135"]
[BlackElo "2008"]
[Annotator "TA"]
[PlyCount "67"]
[EventDate "2018.11.24"]
[EventType "swiss"]
[EventCountry "BAN"]
[SourceTitle "playchess.com"]
[Source "ChessBase"]
[SourceQuality "1"]

{[%evp 10,67,19,0,4,4,7,-16,31,-6,56,29,56,43,37,41,38,27,38,22,36,31,33,-59,0,16,32,-19,-14,-22,-10,-18,0,0,0,-83,-74,-81,-81,-82,-67,-67,-74,-82,-73,-67,0,0,0,0,0,0,0,0,0,0,0,0,0,0]} 1. e4 c6 {[%cal Bc7c6,Bc6c5][%mdl 32]} 2. d4 d5 3. e5 Bf5 4. Nf3 e6 5. Be3 Qb6 6. Qc1 {LiveBook: 5 Games. B12: Caro-Kann: Advance Variation} c5 (6... Nd7 7. Be2 f6 8. Nbd2 Bg4 9. Bd3 Ne7 10. h3 Bf5 11. O-O Bxd3 12. cxd3 Ng6 {1-0 (48) Bologan,V (2648)-Kayonde,A (2422) Baku 2016}) 7. c3 Nc6 8. Nbd2 Rc8 9. Be2 Be7 $146 ({Better is} 9... cxd4 $11 10. Nxd4 Nxd4 11. Bxd4 Bc5) ({Predecessor:} 9... cxd4 10. Nxd4 Nxd4 11. Bxd4 Bc5 12. Bxc5 Qxc5 13. Nb3 Qb6 14. Qg5 Bg6 {½-½ (24) Gaerths,R (2280)-Liedmann,M Germany 2004}) 10. O-O h5 11. dxc5 Bxc5 12. Bxc5 Qxc5 13. Nb3 Qb6 14. Qg5 Bg6 15. Nfd4 {Black must now prevent Nxe6.} Nge7 16. Kh1 (16. Rac1 $14) 16... a6 (16... Nxd4 $15 17. cxd4 Rc2) 17. Rac1 $11 Kf8 18. f4 (18. Rfd1 $14) 18... h4 19. Bg4 Nxd4 20. cxd4 {[#] Rxc8+ is the strong threat.} Rxc1 21. Rxc1 Be4 22. Bf3 (22. h3 $11 {remains equal.}) 22... Bxf3 23. gxf3 Rh6 24. f5 exf5 25. Nc5 Qxb2 {And now ...Ke8 would win.} 26. Nd7+ ({Avoid the trap} 26. Rg1 $2 Rg6 $17) 26... Ke8 27. Nf6+ Rxf6 (27... Kd8 $15 28. Nxd5 Re6 29. Nxe7 Rxe7) 28. exf6 {The position is equal.} gxf6 $15 {[%mdl 4096] Endgame KQR-KQN} 29. Qf4 $36 {[%mdl 2048] [#] White wants to mate with Qb8+. White has good play.} h3 {[%csl Gh3][%cal Rb2g2]} 30. Qb8+ Kd7 {[%cal Rb2c1]} 31. Qc7+ Ke8 {[%csl Gh3][%cal Rb2g2]} 32. Qb8+ Kd7 {[%cal Rb2c1]} 33. Qc7+ Ke8 {[%csl Gh3][%cal Rb2g2]} 34. Qb8+ {Accuracy: White = 56%, Black = 49%.} 1/2-1/2

[Event "44th BAN-ch OMICON 2018"]
[Site "Dhaka"]
[Date "2018.12.03"]
[Round "10"]
[White "S M Sharon"]
[Black "Chatterjee, Debaraj"]
[Result "0-1"]
[WhiteElo "2123"]
[BlackElo "2277"]
[Annotator "TA"]
[PlyCount "98"]
[EventDate "2018.11.24"]
[EventType "swiss"]
[EventCountry "BAN"]
[SourceTitle "playchess.com"]
[Source "ChessBase"]
[SourceQuality "1"]

{[%evp 13,98,0,0,0,0,-44,-33,-36,-43,-37,-8,-28,-8,-62,-20,-27,18,25,45,0,66,24,35,9,16,0,0,0,0,0,0,0,0,0,0,0,0,0,0,0,0,0,0,0,0,-12,-22,-237,-235,-342,-308,-331,-274,-466,-450,-565,-375,-375,-375,-361,-361,-375,-375,-375,-368,-368,-365,-580,-536,-515,-516,-495,-494,-915,-858,-1064,-1056,-1220,-1183,-7522,-7130,-29978,-29979,-29979,-29980,-29979,-29981]} 1. e4 c5 2. d3 Nc6 3. g3 g6 4. Bg2 Bg7 5. Nf3 d6 6. O-O e6 7. Re1 Nge7 {LiveBook: 303 Games} 8. Na3 {A04: Unusual lines after 1 Nf3 and King's Indian Attack} (8. c3 O-O 9. Na3 e5 10. Nc2 h6 11. b4 b6 12. Be3 Kh7 13. bxc5 bxc5 14. d4 exd4 15. cxd4 d5 16. exd5 Nxd5 17. dxc5 Nxe3 18. Nxe3 Bxa1 19. Qxa1 {½-½ (102) Lie,K (2533)-Ragger,M (2689) Norway 2016}) 8... O-O 9. h4 $146 ({Predecessor:} 9. c3 e5 10. Bg5 h6 11. Bxe7 Qxe7 12. Nc4 Be6 13. Ne3 Qd7 14. Qc2 Rac8 15. Nd5 Bxd5 16. exd5 Ne7 17. Nd2 {0-1 (42) Weise,M (2171)-Feldtmann,T (2290) Germany 2012}) 9... h6 10. c3 {Black is slightly better.} e5 $1 11. Nc2 Bg4 12. Ne3 Be6 $1 13. a3 (13. h5 $11) 13... Rc8 14. b4 cxb4 15. axb4 a6 16. Bb2 Re8 (16... f5 $11) 17. Rb1 Qd7 18. d4 exd4 19. cxd4 {[#] Black must now prevent d5.} d5 $1 20. Ne5 Nxe5 21. dxe5 {[%cal Re4d5]} Rcd8 22. exd5 Nxd5 23. Nxd5 Bxd5 24. Bxd5 Qxd5 25. Qxd5 Rxd5 26. Rbc1 Rb5 27. Rc7 Bf8 28. Re4 a5 {[%cal Ba6a5,Ba5b4,Bb4b3][%mdl 32]} ({Don't play} 28... Bxb4 $6 {[#]} 29. e6 $1 $16 {[%mdl 512]}) 29. Bc1 axb4 30. f4 $2 (30. Bb2 $11 {and White has nothing to worry.}) 30... Rc5 $19 31. Rc4 (31. Rxc5 {keeps fighting.} Bxc5+ 32. Kg2) 31... Rxc4 32. Rxc4 {[%mdl 4096] Endgame KRB-KRB} b5 33. Rc7 $2 (33. Rc2) 33... Ra8 34. h5 b3 35. hxg6 fxg6 36. Kf2 Ra2+ 37. Ke3 b2 38. Bxb2 Rxb2 {KRB-KR} 39. g4 Rb1 40. f5 (40. Rc8 {was worth a try.}) 40... Re1+ 41. Kd4 gxf5 42. gxf5 h5 {[%cal Bh6h5,Bh5h4,Bh4h3,Bh3h2][%mdl 32]} 43. f6 (43. Rc3 $142 Rd1+ 44. Ke3) 43... h4 44. Rc2 Kf7 45. Rc7+ Ke6 46. Rc8 h3 {( -> ...h2)} 47. Rxf8 h2 {Black mates.} 48. Re8+ Kf7 49. Re7+ Kf8 {Accuracy: White = 39%, Black = 76%.} 0-1

[Event "44th BAN-ch OMICON 2018"]
[Site "Dhaka"]
[Date "2018.12.03"]
[Round "10"]
[White "Saiful Islam, Chowdhury"]
[Black "Hossain, Showkat Pollab"]
[Result "1-0"]
[WhiteElo "2110"]
[BlackElo "2119"]
[Annotator "TA"]
[PlyCount "113"]
[EventDate "2018.11.24"]
[EventType "swiss"]
[EventCountry "BAN"]
[SourceTitle "playchess.com"]
[Source "ChessBase"]
[SourceQuality "1"]

{[%evp 19,113,12,19,-1,113,49,74,74,58,61,98,91,87,67,68,66,154,162,135,89,118,124,140,141,377,197,205,203,208,212,209,209,202,179,187,183,184,193,189,140,183,128,188,180,180,102,232,228,261,250,277,274,263,263,262,262,261,259,258,254,256,236,313,286,434,430,384,328,457,788,789,705,1597,1256,1843,1640,2979,2933,3838,2835,2839,2112,1722,1475,1572,1410,29958,29961,29963,29964,29951,12847,29973,29973,29969,4613]} 1. e4 d5 2. exd5 Qxd5 3. Nf3 Nf6 4. Nc3 Qa5 5. Bc4 Bg4 6. h3 Bh5 7. d3 {B01: Scandinavian Defence} c6 (7... Nc6 8. g4 Bg6 9. Bd2 Qc5 10. a3 e5 11. Qe2 O-O-O 12. O-O-O a6 13. Rhe1 Bd6 14. Nh4 Nd4 {0-1 (47) Almagro Mazariegos,S (2303)-Munoz Pantoja,M (2451) Linares 2016}) 8. Qe2 Nbd7 9. g4 Bg6 10. Bd2 Qc7 {LiveBook: 8 Games} 11. O-O-O h6 $146 {[#]} (11... b5 $11 12. Bb3 a5) ({Predecessor:} 11... e6 12. Nh4 Bd6 13. Ng2 O-O-O 14. f4 Nb6 15. Bb3 {1-0 (33) Warakomska,A (2269)-Andrejczuk,B (2057) Katowice 2018}) 12. Rde1 (12. Nh4 $1 $16) 12... e6 13. Nh4 Bh7 14. f4 O-O-O 15. f5 exf5 16. Bxf7 fxg4 17. hxg4 Qg3 (17... Kb8 $14) 18. Be6 $16 Bc5 19. Ref1 Rde8 20. Nf5 Bxf5 21. gxf5 {Strongly threatening Bf4.} Kd8 $2 {[#]} (21... Qc7 $16 22. Ne4 Nxe4 23. dxe4 Kb8) 22. Bf4 (22. d4 $142 $1 {[%mdl 512]} Bxd4 23. Bf4) 22... Qg4 $18 23. Qh2 Rxe6 24. fxe6 Qxe6 25. Re1 Qf7 26. Bb8 {[%csl Gb8][%cal Rh2c7]} Bb6 27. a3 Kc8 28. Bd6 Re8 29. Qf4 Qg6 30. d4 (30. Kb1 $18) 30... Nh5 (30... a6 $16 {is a better defense.} 31. Kb1 Rxe1+ 32. Rxe1 h5) 31. Rxe8+ Qxe8 32. Qe4 (32. Qf5 $18 g6 33. Qf2) 32... Qxe4 (32... Nhf6 $16 33. Qd3 Qe6) 33. Nxe4 Ndf6 34. Be5 Bc7 35. Bxf6 Nxf6 36. Nxf6 Bf4+ 37. Kd1 gxf6 {[%mdl 4096] Endgame KR-KB} 38. Ke2 Kd7 39. c4 {[%cal Bc2c4,Bc4c5][%mdl 32]} Bg5 40. Kd3 f5 41. b4 b6 (41... a6 {was worth a try.} 42. Rf1 Ke6 43. Re1+ Kf7) 42. a4 a6 43. c5 b5 44. axb5 axb5 45. Rf1 f4 46. Ke4 Ke6 47. Rh1 f3 48. Rf1 Bd2 49. Rxf3 Bxb4 50. Rh3 Bd2 51. Ra3 b4 52. Ra7 b3 53. Rb7 h5 54. Rxb3 h4 55. Rb7 Kf6 56. Rc7 h3 57. Rh7 {Accuracy: White = 66%, Black = 33%.} (57. Rxc6+ $142 Kg7 58. Rb6 h2 59. Rb1 Ba5 60. d5 Kf7 61. d6 Ke6 62. Rh1) 1-0

[Event "44th BAN-ch OMICON 2018"]
[Site "Dhaka"]
[Date "2018.12.03"]
[Round "10"]
[White "Nayem, Haque"]
[Black "Ikramul, Haq Siam"]
[Result "1/2-1/2"]
[WhiteElo "2074"]
[BlackElo "2100"]
[Annotator "TA"]
[PlyCount "37"]
[EventDate "2018.11.24"]
[EventType "swiss"]
[EventCountry "BAN"]
[SourceTitle "playchess.com"]
[Source "ChessBase"]
[SourceQuality "1"]

{[%evp 9,37,26,94,47,48,-8,-8,-16,-11,-50,-21,-45,-48,-47,10,19,239,17,16,1,162,166,177,167,29996,29997,29997,29997,29998,29999]} 1. e4 e6 2. d4 d5 3. Nc3 Be7 4. Nf3 Nf6 5. Bd3 O-O $146 (5... c5 $11 {remains equal.}) (5... c5 6. exd5 Nxd5 7. Nxd5 Qxd5 8. dxc5 O-O 9. O-O Nd7 10. c6 Qxc6 11. c3 e5 12. Qe2 Qc7 13. Qe4 g6 14. Bh6 Rd8 {1-0 (27) Khanin,S (2510)-Savchenko,B (2562) Sochi 2018}) 6. O-O {C10: French with 3 Nc3: Unusual Black 3rd moves and 3...dxe4} c5 7. e5 (7. dxc5 $14 Nbd7 8. e5) 7... Nfd7 $11 8. Re1 {The position is equal.} Nc6 9. Be3 a6 10. a4 cxd4 11. Bxd4 Bc5 (11... Qc7 $15) 12. Ne2 Qc7 $2 {[#]} (12... Nb4 $11 {and Black has nothing to worry.}) 13. Bxc5 $2 ({Only move:} 13. Bxh7+ $1 $18 {[%mdl 512]} Kxh7 14. Ng5+ Kg8 15. Qd3) 13... Nxc5 14. Ned4 {Threatening Bxh7+.} Bd7 $2 {[#]} (14... f5 $11) 15. Bxh7+ $1 $18 Kxh7 {[#]} 16. Ng5+ $1 Kg8 $2 (16... Kg6 $18) 17. Qh5 {[%csl Gg5][%cal Rh5h7] White mates.} Rfc8 18. Qxf7+ Kh8 19. Re3 {[%mdl 32768] Accuracy: White = 38%, Black = 21%. . An unexpected result.} 1/2-1/2

[Event "44th BAN-ch OMICON 2018"]
[Site "Dhaka"]
[Date "2018.12.03"]
[Round "10"]
[White "Ghosh, Chanchal Kumer"]
[Black "Rahman, Syed Mahfuzur"]
[Result "0-1"]
[WhiteElo "2069"]
[BlackElo "2224"]
[Annotator "TA"]
[PlyCount "129"]
[EventDate "2018.11.24"]
[EventType "swiss"]
[EventCountry "BAN"]
[SourceTitle "playchess.com"]
[Source "ChessBase"]
[SourceQuality "1"]

{[%evp 20,129,0,0,0,-16,-13,-33,-12,-18,0,-27,0,-8,0,-38,-20,-98,-87,-88,-25,-8,101,73,311,282,281,296,556,536,543,527,502,510,502,506,697,699,645,403,349,-46,-41,-57,0,0,0,0,0,-135,39,34,31,30,29,41,144,0,175,24,88,78,153,20,250,0,0,0,0,0,0,0,0,0,0,0,0,0,0,0,0,0,0,0,0,0,0,0,0,0,0,0,0,0,0,0,0,-1260,-1052,-1618,-441,-5081,-4627,-5498,-5106,-29979,-29962,-29986,-29987,-29988,-29990,-1741]} 1. e4 e6 2. Nf3 d5 3. Nc3 Nf6 4. e5 Nfd7 5. d4 c5 6. Ne2 cxd4 7. Nexd4 Nc6 8. Bb5 {C07: French Tarrasch: 3...c5, 4 Ngf3 and 4 exd5 Qxd5} Qc7 9. O-O (9. Bf4 a6 10. Nxc6 bxc6 11. Bd3 Rb8 12. Rb1 f5 13. O-O c5 14. Re1 g6 15. c4 d4 {½-½ (57) Smirin,I (2663)-Ponkratov,P (2605) Khanty-Mansiysk 2013}) 9... a6 10. Nxc6 bxc6 11. Ba4 $1 {LiveBook: 4 Games} Bb7 $146 ({Predecessor:} 11... g6 12. c3 Bg7 13. Bf4 Bb7 14. Re1 O-O 15. Qd2 Nb6 {0-1 (46) Kadric,D (2459)-Tosic,S (2389) Paracin 2013}) 12. c4 dxc4 13. Qe2 Nb6 14. Bc2 c5 15. Rd1 Qc6 16. h4 Be7 17. Bf4 O-O 18. Ne1 (18. Bg5 $11 Qc7 19. Bxe7 Qxe7 20. g3) 18... Rfd8 19. Qg4 Na4 (19... Qc7 $17 20. Nf3 Bxf3 21. Qxf3 Rd4) 20. h5 Kh8 (20... Nxb2 $2 21. Bh6 $1 $18 {[%mdl 512]}) (20... Bf8 $11 {keeps the balance.}) 21. Bg5 $1 $40 {[%cal Rg5e7][%mdl 128] White goes for the king.} f6 $2 (21... Bxg5 $16 {was called for.} 22. Qxg5 Rg8) 22. Rxd8+ Rxd8 23. exf6 Bxf6 $2 (23... gxf6 24. Bxa4 (24. Bh6 Rg8 $17) 24... Qxa4) 24. Bxf6 $18 gxf6 25. Qf4 Kg7 26. h6+ Kf7 27. Bxh7 Rh8 28. Nf3 Ke7 29. Qg4 Rxh7 30. Re1 $2 (30. Qg8 $1 $18 {[%cal Rg8h7]} Qe4 31. Re1) 30... Qc8 ({Weaker is} 30... Nxb2 31. Qg6 $16) 31. Nh4 $1 {[%cal Rh4f5]} Nxb2 (31... Bd5 $1 $15 32. Ng6+ Kd6 33. Qf4+ Kc6 34. Qxf6 Qc7) 32. Qg6 Qh8 {White must now prevent ...Kd7.} 33. Qb1 Rxh6 34. Nf5+ (34. Qxb2 $11 {was the only way to keep the balance.} Bd5 35. Nf5+ {[%mdl 64] Double Attack} Kd7 36. Nxh6) 34... Kf7 $2 ({Black should try} 34... Kd7 $17 {[%csl Gh8][%cal Rh6h1]} 35. Nxh6 Qg7) 35. Nxh6+ $14 Qxh6 36. Qxb2 {[%mdl 4096] Endgame KQR-KQB} Bd5 37. Re3 Qf4 (37... Qg5 $14 38. Rg3 Qf4) 38. Rg3 (38. Qb6 $1 $16) 38... Qe5 $2 (38... Bc6 $11 {and Black has nothing to worry.}) 39. Qc1 $2 ({Better is} 39. Qxe5 $18 {Qc7+ would kill now.} fxe5 40. Kf1) 39... Qh5 (39... f5 $11 {remains equal.}) 40. Qc2 Ke7 (40... e5 $142) 41. Qa4 (41. Qb1 $16 Bc6 42. Qb6 Qd1+ 43. Kh2) 41... f5 $2 {[#]} (41... Qh6 $11 {and Black stays safe.}) 42. Qxa6 $2 (42. Qa5 $1 $18 {[%cal Ra5c7]} Qd1+ 43. Kh2 Qh5+ 44. Rh3) 42... Qd1+ $11 43. Kh2 {Qa7+ is the strong threat.} Qh5+ 44. Rh3 Qg4 {[%csl Gd5][%cal Rg4g2]} 45. Qa7+ Kf6 {[%csl Gd5][%cal Rg4g2]} 46. Rh6+ Ke5 {[%csl Gd5][%cal Rg4g2]} 47. Qb8+ Kd4 {[%csl Gd5][%cal Rg4g2]} 48. Qh8+ $1 Kd3 $1 {[%csl Gd5][%cal Rg4g2]} 49. Rh3+ Kc2 {[%csl Gd5][%cal Rg4g2]} 50. Qc3+ Kb1 {[%csl Gd5][%cal Rg4g2]} 51. Qe1+ Kb2 {[%csl Gd5][%cal Rg4g2]} 52. Qd2+ Kb1 {[%csl Gd5][%cal Rg4g2]} 53. Rg3 Qh4+ 54. Kg1 {Threatening mate with Rc3.} Qd4 55. Qe1+ Kb2 {Threatens to win with ...c3.} 56. Qe2+ $1 Kc1 {And now ...Qd1+ would win.} 57. Qe1+ Kb2 {aiming for ...c3.} 58. Rg8 $2 {[%mdl 8192]} (58. Qe2+ $11 Kc1 59. Qe1+ Kb2) 58... c3 $19 {[%cal Bc4c3,Bc3c2][%mdl 32]} 59. Rb8+ {[#]} Kc2 $1 {Strongly threatening ...Qd1.} 60. Rb1 (60. Rb5 $142 Qd1 61. Qxd1+ Kxd1 62. Rxc5) 60... Qd2 61. Qf1 {[#]} Bc4 $1 {[%mdl 576] Deflection} 62. Qxc4 Kxb1 {Black mates.} 63. Kh2 c2 64. Qb3+ Ka1 65. Qb2+ {Accuracy: White = 40%, Black = 42%.} 0-1

[Event "44th BAN-ch OMICON 2018"]
[Site "Dhaka"]
[Date "2018.12.03"]
[Round "10"]
[White "Md. Jamal Uddin"]
[Black "Ahmed, Sk. Nasir"]
[Result "1/2-1/2"]
[WhiteElo "2001"]
[BlackElo "2119"]
[Annotator "TA"]
[PlyCount "78"]
[EventDate "2018.11.24"]
[EventType "swiss"]
[EventCountry "BAN"]
[SourceTitle "playchess.com"]
[Source "ChessBase"]
[SourceQuality "1"]

{[%evp 19,78,0,32,21,29,0,0,-41,-33,-35,-48,-43,-50,-82,-78,-67,-72,-79,-57,-66,-42,-245,-138,-396,-385,-391,-254,-243,-242,-206,-205,-191,-125,-371,-363,-298,0,0,0,0,0,0,0,0,0,0,0,0,0,0,0,0,0,0,0,0,0,0,0,0,0]} 1. c4 e5 2. Nc3 Nf6 3. g3 d5 4. cxd5 Nxd5 5. Bg2 Nb6 6. Nf3 Nc6 7. O-O Be7 8. d3 O-O 9. a3 a5 {[%cal Ba7a5,Ba5a4][%mdl 32]} 10. Be3 f5 {LiveBook: 7 Games. A29: English Opening: Four Knights Variation with 4 g3} (10... Be6 11. Rc1 a4 12. Nd2 f5 13. Bxb6 cxb6 14. Nxa4 Bg5 15. Nc3 e4 16. Kh1 Qd7 17. Rb1 Rad8 18. Nc4 Qf7 19. b3 exd3 20. exd3 {0-1 (43) Giri,A (2777)-Carlsen,M (2843) Shamkir 2018}) 11. Qb3+ Kh8 12. Rac1 (12. Bxb6 $5 cxb6 13. Qd5 $14) 12... a4 $146 ({Predecessor:} 12... Bf6 13. Nb5 a4 14. Qa2 Ra5 15. Nc3 Nd4 16. Nd2 Qe7 17. Rfe1 Be6 {0-1 (33) Rezanov-Makarov,M (2515) Podolsk 1993}) 13. Qa2 Ra5 14. Bxb6 cxb6 15. Rfd1 Nd4 16. Nxd4 exd4 17. Nb1 f4 18. Nd2 Bg5 19. Rc2 Qe7 {Strongly threatening ...fxg3.} 20. Nc4 $2 (20. Rf1 $15) 20... Raf5 ({Don't take} 20... fxg3 21. hxg3 Be6 22. Qb1 $17) ({Black should try} 20... Be6 $19 {Threatens to win with ...b5.} 21. Qb1 Rc5) 21. Bf3 $2 {[%mdl 8192]} (21. g4 $17 Rc5 22. b4 axb3 23. Qxb3) 21... fxg3 $19 22. hxg3 Be6 {White must now prevent ...b5.} 23. Qb1 Qf6 24. Nd2 Bxd2 $1 25. Rdxd2 {[#]} Bb3 (25... g5 $1 $19 {[%cal Rg5g4] Hoping for ...g4!} 26. Qe1 Qe5) 26. Rc7 $2 (26. Qc1 $17 {was called for.}) 26... Rxf3 27. exf3 {[#] And now Qe1 would win.} Qxf3 $2 (27... Bd5 $1 $19 28. Qf1 Qxf3) 28. Qf1 $11 {aiming for Qe2.The position is equal.} Bd5 {[%csl Gd5][%cal Rf3h1]} 29. Qh3 h6 30. Rc8 $1 Rxc8 31. Qxc8+ {[%mdl 4096] Endgame KQR-KQB} Kh7 {[%csl Gd5][%cal Rf3h1]} 32. Qh3 g5 33. Qd7+ Kg6 {[%csl Gd5][%cal Rf3h1]} 34. Qe8+ Kg7 {[%csl Gd5][%cal Rf3h1]} 35. Qe7+ Kg6 {[%csl Gd5][%cal Rf3h1]} 36. Qe8+ {[%mdl 64] Double Attack} Kg7 {[%csl Gd5][%cal Rf3h1]} 37. Qe7+ Kg8 {[%csl Gd5][%cal Rf3h1]} 38. Qe8+ Kg7 {[%csl Gd5][%cal Rf3h1]} 39. Qe7+ Kg8 {Accuracy: White = 54%, Black = 84%.} 1/2-1/2

[Event "44th BAN-ch OMICON 2018"]
[Site "Dhaka"]
[Date "2018.12.03"]
[Round "10"]
[White "Swadhin, Sarkar"]
[Black "Md., Sharif Hossain"]
[Result "0-1"]
[WhiteElo "1875"]
[BlackElo "2198"]
[Annotator "TA"]
[PlyCount "106"]
[EventDate "2018.11.24"]
[EventType "swiss"]
[EventCountry "BAN"]
[SourceTitle "playchess.com"]
[Source "ChessBase"]
[SourceQuality "1"]

{[%evp 14,106,1,0,13,4,9,-8,28,15,39,42,38,33,39,37,39,51,62,32,34,14,48,-22,26,3,29,9,22,-2,0,-7,0,7,20,18,19,16,3,-52,-35,-95,-113,-121,-95,-175,-102,-139,-139,-149,-149,-142,-148,-157,-157,-157,-159,-160,-142,-138,-97,-94,-47,-102,-71,-102,-65,-108,-89,-143,-143,-143,-142,-143,-137,-218,-218,-222,-214,-248,-244,-337,-335,-620,-619,-599,-577,-592,-591,-638,-637,-983,-943,-1327,-1162]} 1. d4 d5 2. Nf3 Nf6 3. e3 g6 4. Nbd2 Bg7 5. Bd3 O-O 6. O-O b6 7. b3 {D04: Colle System} Bb7 8. Bb2 {LiveBook: 3 Games} Ne4 (8... Nbd7 9. c4 e6 10. Rc1 dxc4 11. Nxc4 Qe7 12. Ba3 c5 13. Qe2 Rac8 14. Nfe5 Nxe5 15. dxe5 {½-½ (45) Nakamura,H (2786)-Caruana,F (2802) chess.com INT 2017}) 9. c4 {[%cal Bc2c4,Bc4c5][%mdl 32] The position is equal.} e6 10. Qc2 {[%cal Rd2e4]} f5 11. Rac1 $146 Na6 12. a3 Rc8 13. b4 Nb8 14. c5 Qe8 15. a4 c6 16. Qb3 Nd7 17. Rfd1 Qe7 18. Nf1 ({Better is} 18. cxb6 $14 axb6 19. a5) 18... Bf6 {[%cal Rb6c5]} 19. Rc2 Qg7 20. Rdc1 Rb8 (20... bxc5 {keeps more tension.} 21. dxc5 e5 22. b5 Qe7 23. Ba3 Rb8) 21. Ne1 (21. cxb6 {seems wilder.} axb6 22. Be2 Ra8 23. N1d2 Rfb8 24. Nxe4 fxe4 25. Nd2) 21... bxc5 22. dxc5 Bxb2 23. Qxb2 Qxb2 24. Rxb2 Ba8 25. Bxe4 fxe4 26. Rc3 ({White should try} 26. Nd2 $11) 26... Rfc8 $15 27. Nc2 {[#]} (27. f3 $15) 27... a5 $1 $17 {[%mdl 512]} 28. f4 (28. bxa5 Rxb2) 28... Kf7 29. Ng3 (29. Nd2 $17) 29... Rc7 (29... axb4 $1 $19 30. Rxb4 Rxb4 31. Nxb4 Rb8) 30. Ne2 {[#]} axb4 $1 31. Rxb4 Rxb4 32. Nxb4 Rb7 33. Nc2 Ra7 34. Ned4 Rxa4 35. Nb3 Nb8 36. Ncd4 Na6 37. Rc1 Ra2 38. Rc2 (38. g4 $15) 38... Ra3 39. Rc1 Ke7 40. h4 Nb4 41. Ra1 (41. Rb1 $142) 41... Rxa1+ 42. Nxa1 {[%mdl 4096] Endgame KBN-KNN} Bb7 43. Nab3 Ba6 44. Kf2 {[#]} (44. Nc1 $17) 44... Nd3+ $1 $19 45. Kg3 Bb5 46. Na5 Kd7 ({But not} 46... Nxc5 47. Naxc6+ Bxc6 48. Nxc6+ Kd6 49. Nd4) 47. Nab3 Ba4 48. Kg4 $2 (48. h5 gxh5 49. Kh4) 48... Bxb3 {Black is clearly winning.} 49. Nxb3 Nf2+ 50. Kg5 Nd1 51. g4 Nxe3 52. h5 gxh5 53. gxh5 Nf5 {Accuracy: White = 29%, Black = 54%.} 0-1